| 000 -LEADER |
| fixed length control field |
00303nam a2200121Ia 4500 |
| 008 - FIXED-LENGTH DATA ELEMENTS--GENERAL INFORMATION |
| fixed length control field |
190802s9999 xx 000 0 und d |
| 020 ## - INTERNATIONAL STANDARD BOOK NUMBER |
| International Standard Book Number |
0-380-72729-3 |
| 100 ## - MAIN ENTRY--PERSONAL NAME |
| Personal name |
Robert C. Atkins |
| 245 #0 - TITLE STATEMENT |
| Title |
Dr. Atkin new diet Revolution |
| 260 ## - PUBLICATION, DISTRIBUTION, ETC. (IMPRINT) |
| Place of publication, distribution, etc |
New York |
| Name of publisher, distributor, etc |
Aven Books ICN |
| Date of publication, distribution, etc |
1992 |
| 300 ## - PHYSICAL DESCRIPTION |
| Extent |
446:p |
| 942 ## - ADDED ENTRY ELEMENTS (KOHA) |
| Koha item type |
Books |